| 000 | 00871cam a2200253 a 4500 | ||
|---|---|---|---|
| 999 |
_c904 _d904 |
||
| 001 | 4227 | ||
| 003 | BD-DhUAP | ||
| 005 | 20210118162659.0 | ||
| 008 | 200129s1999 bg b 001 0 eng | ||
| 020 | _a9840514466 | ||
| 040 |
_aBD-DhUAP _cBD-DhUAP _dBD-DhUAP _bEng |
||
| 082 | 0 | 0 |
_a338.95492 MUH _223 |
| 100 | 1 | _aMuhith, A. M. A. | |
| 245 | 1 | 0 |
_aBangladesh in the twenty-first century : _btowards an industrial society / _cA. M. A. Muhith. |
| 260 |
_aDhaka, Bangladesh : _bUniversity Press Ltd., _cc1999. |
||
| 300 |
_axvi, 462 pages ; _c22 cm. |
||
| 504 | _aIncludes bibliographical references and index. | ||
| 650 | 0 |
_aIndustrialization _zBangladesh. |
|
| 650 | 0 |
_aIndustrial revolution _zBangladesh. |
|
| 650 | 0 |
_aIndustrial policy _zBangladesh. |
|
| 942 |
_2ddc _cBK |
||